| 000 | 00402nam a22001457a 4500 | ||
|---|---|---|---|
| 082 | _aT-223 | ||
| 100 |
_aAmir Jamshed _951263 |
||
| 245 | _aCyclic response of steel strip confined reinforced concrete beam column joints | ||
| 260 |
_aRisalpur, _bMCE, _c2017. |
||
| 300 | _a98p. | ||
| 526 |
_a0 _b0 _c0 _dT_223 |
||
| 650 |
_aStructure _951264 |
||
| 700 |
_aDr Muhammad Rizwan _934659 |
||
| 942 |
_2ddc _cBK |
||
| 999 |
_c553990 _d553990 |
||